00829cam a2200229 4500999001500000001000400015003000900019005001700028008004100045040003800086082002100124100002400145245009700169260004900266300002900315500002000344650003500364650002400399906004500423942001200468952011900480 c1640d1640475BD-DhUAP20210123131219.0200211s1969 ohu 001 0 eng  aBD-DhUAPcBD-DhUAPdBD-DhUAPbEng00a340.0973 AND2231 aAnderson, Ronald A.10aSocial forces and the law;ba guide for the businessman and the citizencRonald A. Anderson. aCincinnati,bSouth-western Pub. Co.,cc1969. axiv, 594 pages ;c24 cm. aIncludes index. 0aCommercial lawzUnited States. 0aLawzUnited States. a7bcbccorignewduencipf19gy-gencatlg 2ddccBK 00102ddc4070aUAPCLbUAPCLcGeneral Stacksd2020-02-11o340.0973 ANDp3010000475r2020-02-11t1w2020-02-11yBK